000 00642nam a2200241 4500
001 36117
010 _a9789722420747
021 _aPT
090 _a36117
100 _a20240325 pory50
101 0 _apor
102 _aPT
200 1 _aO segredo da felicidade
_fLuísa Ducla Soares
_gil. Cátia Vidinhas
205 _a1.ªed
210 9 _aLisboa
_cLivros Horizonte,
_d2023
215 _a[28] p.
_cil.
_d29 cm
675 _a087.5
_vBN
_zpor
675 _a821.134.3-93"19/20"
_vBN
_zpor
700 1 _aSoares,
_bLuísa Ducla,
_f1939-
_92431
702 1 _aVidinhas,
_bCátia,
_f1989-
_4440
801 0 _aPT
_bBN
_gRPC
990 _cLIVROS
994 _aCOMP